00000000nam 2200000zi 4500
0019.940807
003CaOODSP
00520250526103710
006m     o  d f      
007cr mn|||||||||
008240719e202409##onc     ob   f100 0 fre d
020 |a9780660728704
040 |aCaOODSP|bfre|erda|cCaOODSP
043 |an-cn-ns|an-cn-nk|aln-----
0861 |aFs70-4/2024-035F-PDF
24500|aCompte rendu de la réunion sur les avis scientifiques de la région des Maritimes de la désignation d'un point de référence limite pour le hareng de l'Atlantique (Clupea harengus) du sud-ouest de la Nouvelle-Écosse/baie de Fundy : |bdates de la réunion, du 12 au 13 novembre 2020 et le 18 janvier 2021 : endroit, réunion virtuelle / |cprésident, Kent Smedbol ; rapporteuse, Daphne Themelis.
264 1|aOttawa (Ontario) : |bSecrétariat canadien de consultation scientifique (SCCS), |cseptembre 2024.
264 4|c©2024
300 |a1 ressource en ligne (iv, 15 pages).
336 |atexte|btxt|2rdacontent/fre
337 |ainformatique|bc|2rdamedia/fre
338 |aressource en ligne|bcr|2rdacarrier/fre
4901 |aCompte rendu, |x2292-4264 ; |v2024/035
500 |aPublié aussi en anglais sous le titre : Proceedings of the Maritimes regional advisory meeting of the identification of a limit reference point for southwest Nova Scotia/Bay of Fundy Atlantic herring (Clupea harengus): meeting dates, November 12-13, 2020 and January 18, 2021: location, virtual meeting.
504 |aComprend des références bibliographiques.
520 |a« Un processus régional d'examen par les pairs de la désignation d'un point de référence limite pour le hareng de l'Atlantique du sud-ouest de la Nouvelle-Écosse et de la baie de Fundy (Clupea harengus) a eu lieu en ligne les 12 et 13 novembre 2020 au moyen de Microsoft Teams. Comme il est indiqué dans le cadre de référence, l'objectif de la réunion était d'examiner les points de référence limites (PRL) du point de vue de l'approche de précaution et de déterminer un PRL convenable pour mettre à l'essai des modèles opérationnels dans le cadre d'une évaluation de la stratégie de gestion (ESG). On a convoqué de nouveau la réunion le 18 janvier 2021 pour déterminer si un point de référence fixe ou dynamique fondé sur la biomasse du stock reproducteur au rendement maximal durable (BSRRMD) serait plus approprié pour l'évaluation des procédures de gestion. Il a été décidé que l'adoption d’un PRL fondé sur la BSRRMD dynamique uniquement pour le seuil de rendement afin d’éliminer les procédures de gestion des candidats dans l'ESG était de mise et que l'utilisation de points de référence dynamiques dans l'établissement de l'état des stocks n'était pas appropriée. Les participants à cette réunion comprenaient des employés du Secteur des sciences et de la Gestion des ressources de Pêches et Océans Canada (MPO), des membres de collectivités et d'organisations autochtones, ainsi que d'organisations non gouvernementales, des participants à l'industrie de la pêche, des membres de l'équipe de modélisation de l'Université de la Colombie-Britannique et des experts externes. Le présent document inclut un résumé des présentations et est un compte rendu des discussions et des conclusions de la réunion. … » -- Sommaire, page iv.
650 6|aHareng|xPêche commerciale|zNouvelle-Écosse|zAtlantique, Côte de l'|xGestion|vCongrès.
650 6|aHareng|xPêche commerciale|zFundy, Baie de|xGestion|vCongrès.
650 6|aRessources halieutiques|xÉvaluation|zNouvelle-Écosse|zAtlantique, Côte de l'|vCongrès.
650 6|aRessources halieutiques|xÉvaluation|zFundy, Baie de|vCongrès.
655 7|aActes de congrès|2rvmgf
7001 |aSmedbol, R. Kent |q(Robert Kent), |d1968-
7102 |aSecrétariat canadien de consultation scientifique, |eorganisme de publication.
7101 |aCanada. |bMinistère des pêches et des océans. |bRégion des Maritimes, |eorganisme de publication.
77508|tProceedings of the Maritimes regional advisory meeting of the identification of a limit reference point for southwest Nova Scotia/Bay of Fundy Atlantic herring (Clupea harengus) : |w(CaOODSP)9.940804
830#0|aCompte rendu (Secrétariat canadien de consultation scientifique)|v2024/035.|w(CaOODSP)9.502879
85640|qPDF|s399 Ko|uhttps://publications.gc.ca/collections/collection_2025/mpo-dfo/fs70-4/Fs70-4-2024-035-fra.pdf